02106nam a22002417a 450000500170000000800410001702000180005804000070007604100120008308200200009510000240011524500510013926000370019030000290022736500600025652012460031665000330156265000430159570000260163894200120166499900190167695201690169520220221091843.0220216b ||||| |||| 00| 0 eng d a9781398512399 cAL aEnglish 223bBYRSa158.1 aRhonda Byrne921314 aSecret to Love Health and Money: A Masterclass aLondonbSimon and Schusterc2022 axi,339 p.bPBc21x13 cm. aBLCR-000122b₹559.20c₹d₹699.00e20%f15-02-2022 aThis in-depth master class from the author of the groundbreaking bestseller The Secret illustrates how to apply the law of attraction to three of life’s most important areas: relationships, health, and money. Discover how to achieve personal happiness, wellbeing, and success with this collection of lessons, advice, and case studies from the bestselling author of the Secret series Rhonda Byrne. In the first part, she further explores the power of positive thoughts and how we can use the creative process to attract and maintain new and healthier relationships. The second part offers in-depth lessons that will help you apply the law of attraction to your health and physical wellbeing, featuring inspiring anecdotes from those who have used The Secret to overcome health crises such as cancer, chronic pain, depression, and more. Finally, learn how to improve your relationship with money by discovering the power you have to bring money into your life. From job hunting to adopting a wealth mindset, Byrne provides all that you need to achieve prosperity and professional success. With these impactful and accessible processes, you will experience firsthand a powerful transformation across all aspects of your life—for the better. aBody, Mind and Spirit920218 aInspiration and Personal Growth920219 aBYRNE (Rhonda)920220 2ddccBK c221520d221520 00102ddc40708OTHaALbALd2022-02-16eNavaKarnataka Publications Pvt.Ltdg559.20l4o158.1 BYRSp075459r2023-09-18 00:00:00s2023-09-07v699.00w2022-02-16yBK